000 00699nam a2200217Ia 4500
003 GCL
008 140319s9999 xx 000 0 ara d
040 _aGCL /
_cGCL
082 0 4 _a822
_bش ب
100 1 _aلويس عوض
245 1 0 _aبروميتيوس طليقآ /
_cلويس عوض
700 1 _aشلى
260 _a[S.N] :
_bالهيئة المصرية العامة للكتاب ،
_c1978
300 _a325 ص
490 _a
650 0 4 _aالمسرحيات الانجليزية
650 0 4 _aالادب الانجليزى المترجم
650 0 4 _aالمسرحيات الانجليزية المترجمة
650 0 4 _aالادب العربى المترجم
942 _2ddc
_cBK
999 _c30136
_d30136